Fontaines D.C. "Skinty Fia" tracklist - Statistics

General Stats
  • This quiz has been taken 45 times
  • The average score is 8 of 10
Answer Stats
Hint Answer % Correct
9. I Love You
100%
8. Skinty Fia
97%
4. Jackie Down The Line
94%
10. Nabokov
94%
6. Roman Holiday
92%
2. Big Shot
86%
5. Bloomsday
81%
3. How Cold Love Is
69%
7. The Couple Across The Way
69%
1. In ár gCroíthe go deo
56%
No matching quizzes found
Score Distribution
Percent of People with Each Score
Percentile by Number Answered
Your Score History
You have not taken this quiz